[Event "RUS-chT 14th"]
[Site "Sochi"]
[Date "2007.05.06"]
[Round "5"]
[White "Radjabov, Teimour"]
[Black "Shomoev, Anton"]
[Result "1-0"]
[WhiteElo "2747"]
[BlackElo "2551"]
[PlyCount "99"]
[EventDate "2007.05.02"]
[EventType "team-tourn"]
[EventRounds "9"]
[EventCountry "RUS"]
[SourceTitle "EXT 2020"]
[Source "ChessBase"]
[SourceDate "2019.10.17"]
[SourceVersion "1"]
[SourceVersionDate "2019.10.17"]
[SourceQuality "1"]
[WhiteTeam "Sverdlovsk Ural region"]
[BlackTeam "Buryatia Shatar"]
[WhiteTeamCountry "RUS"]
[BlackTeamCountry "RUS"]

1. d4 Nf6 2. c4 e6 3. Nf3 b6 4. g3 Ba6 5. b3 Bb4+ 6. Bd2 Be7 7. Bg2 c6 8. Bc3
d5 9. Ne5 Nfd7 10. Nxd7 Nxd7 11. Nd2 O-O 12. O-O Rc8 13. e4 c5 14. exd5 exd5
15. dxc5 dxc4 16. cxb6 Nxb6 17. Re1 Bf6 18. Bxf6 Qxf6 19. Ne4 Qg6 20. Qd2 Bb7
21. Qa5 Bd5 22. bxc4 Rxc4 23. Qxa7 Ra4 24. Qc7 Bxe4 25. Bxe4 Rxe4 26. Rxe4 Qxe4
27. Qxb6 Qa4 28. Qb3 Qa5 29. a4 Ra8 30. Rd1 g6 31. Rd4 Rc8 32. Kg2 Ra8 33. Qb7
Re8 34. Rc4 Kg7 35. Rf4 Rf8 36. h4 h5 37. Qc6 Qa7 38. Qd5 Re8 39. a5 Re2 40.
Qc6 Re6 41. Qc3+ Kh7 42. Rc4 Re2 43. Qf6 Qb7+ 44. Kh2 Re1 45. Rc6 Rf1 46. a6
Rxf2+ 47. Qxf2 Qxc6 48. Qxf7+ Kh6 49. Qa2 Qa8 50. a7 1-0

[Event "RUS-chT 14th"]
[Site "Sochi"]
[Date "2007.05.08"]
[Round "7"]
[White "Radjabov, Teimour"]
[Black "Gelfand, Boris"]
[Result "1/2-1/2"]
[WhiteElo "2747"]
[BlackElo "2733"]
[PlyCount "35"]
[EventDate "2007.05.02"]
[EventType "team-tourn"]
[EventRounds "9"]
[EventCountry "RUS"]
[SourceTitle "EXT 2020"]
[Source "ChessBase"]
[SourceDate "2019.10.17"]
[SourceVersion "1"]
[SourceVersionDate "2019.10.17"]
[SourceQuality "1"]
[WhiteTeam "Sverdlovsk Ural region"]
[BlackTeam "Cheboksary Elara"]
[WhiteTeamCountry "RUS"]
[BlackTeamCountry "RUS"]

1. d4 Nf6 2. c4 e6 3. Nf3 b6 4. g3 Bb7 5. Bg2 Be7 6. O-O O-O 7. d5 exd5 8. Nh4
c6 9. cxd5 Nxd5 10. Nf5 Nc7 11. e4 d5 12. Re1 Bf6 13. e5 Be7 14. Qg4 g6 15. Bh6
Re8 16. Nc3 Bc8 17. Nxe7+ Qxe7 18. Qa4 1/2-1/2

[Event "Odessa Pivdenny Bank"]
[Site "Odessa"]
[Date "2007.07.04"]
[Round "1"]
[White "Smirin, Ilia"]
[Black "Radjabov, Teimour"]
[Result "0-1"]
[WhiteElo "2650"]
[BlackElo "2747"]
[PlyCount "62"]
[EventDate "2007.07.04"]
[EventType "tourn (rapid)"]
[EventRounds "9"]
[EventCountry "UKR"]
[EventCategory "17"]
[SourceTitle "CBM 119"]
[Source "ChessBase"]
[SourceDate "2007.08.01"]
[SourceVersion "1"]
[SourceVersionDate "2007.08.01"]
[SourceQuality "1"]

1. e4 c5 2. Nf3 Nc6 3. Bb5 e6 4. Nc3 Nd4 5. Nxd4 cxd4 6. Ne2 a6 7. Ba4 b5 8.
Bb3 Bc5 9. d3 Bb7 10. O-O Ne7 11. f4 Nc6 12. f5 Qh4 13. Nf4 g6 14. Nh3 gxf5 15.
Bg5 Qg4 16. Qe1 h6 17. Bf6 Rg8 18. Nf4 fxe4 19. h3 Qg3 20. Qxe4 Qe3+ 21. Kh1
Na5 22. Qxe3 dxe3 23. Rae1 Rc8 24. Re2 Bd6 25. Bd4 Nxb3 26. axb3 Bxf4 27. Rxf4
Rxg2 28. Rxg2 e2 29. Bf2 Rxc2 30. Re4 f5 31. Re5 e1=Q+ 0-1

[Event "Odessa Pivdenny Bank"]
[Site "Odessa"]
[Date "2007.07.04"]
[Round "2"]
[White "Radjabov, Teimour"]
[Black "Gelfand, Boris"]
[Result "0-1"]
[WhiteElo "2747"]
[BlackElo "2733"]
[PlyCount "60"]
[EventDate "2007.07.04"]
[EventType "tourn (rapid)"]
[EventRounds "9"]
[EventCountry "UKR"]
[EventCategory "17"]
[SourceTitle "CBM 119"]
[Source "ChessBase"]
[SourceDate "2007.08.01"]
[SourceVersion "1"]
[SourceVersionDate "2007.08.01"]
[SourceQuality "1"]

1. d4 Nf6 2. c4 e6 3. Nf3 b6 4. g3 Ba6 5. Nbd2 d5 6. Bg2 Be7 7. O-O O-O 8. b3
c5 9. Bb2 Nc6 10. dxc5 Bxc5 11. Rc1 Rc8 12. e3 Qe7 13. a3 dxc4 14. Bxf6 gxf6
15. b4 c3 16. Rxc3 Bxf1 17. Bxf1 Bd6 18. Qc2 Qb7 19. Qe4 f5 20. Qh4 f6 21. Bc4
Qe7 22. e4 Ne5 23. exf5 Nxc4 24. Nxc4 exf5 25. Rd3 Qe4 26. Rxd6 Rxc4 27. Qxe4
fxe4 28. Nh4 f5 29. Kf1 f4 30. Re6 f3 0-1

[Event "Odessa Pivdenny Bank"]
[Site "Odessa"]
[Date "2007.07.05"]
[Round "5"]
[White "Tukmakov, Vladimir B"]
[Black "Radjabov, Teimour"]
[Result "0-1"]
[WhiteElo "2551"]
[BlackElo "2747"]
[PlyCount "42"]
[EventDate "2007.07.04"]
[EventType "tourn (rapid)"]
[EventRounds "9"]
[EventCountry "UKR"]
[EventCategory "17"]
[SourceTitle "CBM 119"]
[Source "ChessBase"]
[SourceDate "2007.08.01"]
[SourceVersion "1"]
[SourceVersionDate "2007.08.01"]
[SourceQuality "1"]

1. d4 Nf6 2. c4 g6 3. Nc3 Bg7 4. e4 d6 5. Nf3 O-O 6. Be2 e5 7. dxe5 dxe5 8.
Qxd8 Rxd8 9. Bg5 Nbd7 10. O-O-O Rf8 11. h3 Nc5 12. Bxf6 Bxf6 13. Nd5 Bd8 14.
Nxe5 Nxe4 15. Rd4 Nxf2 16. Rf1 Bg5+ 17. Kc2 c5 18. Rxf2 cxd4 19. Kd3 Be6 20.
Kxd4 Rad8 21. Nd3 Rfe8 0-1

[Event "Odessa Pivdenny Bank"]
[Site "Odessa"]
[Date "2007.07.05"]
[Round "6"]
[White "Radjabov, Teimour"]
[Black "Bacrot, Etienne"]
[Result "1/2-1/2"]
[WhiteElo "2747"]
[BlackElo "2709"]
[PlyCount "109"]
[EventDate "2007.07.04"]
[EventType "tourn (rapid)"]
[EventRounds "9"]
[EventCountry "UKR"]
[EventCategory "17"]
[SourceTitle "CBM 119"]
[Source "ChessBase"]
[SourceDate "2007.08.01"]
[SourceVersion "1"]
[SourceVersionDate "2007.08.01"]
[SourceQuality "1"]

1. e4 e5 2. Nf3 Nc6 3. d4 exd4 4. Nxd4 Bc5 5. Nxc6 Qf6 6. Qf3 dxc6 7. Bc4 Ne7
8. Qxf6 gxf6 9. Bf4 Bb6 10. Nd2 Ng6 11. Bg3 h5 12. h3 Be6 13. Bxe6 fxe6 14. Nc4
O-O-O 15. Ke2 Rd4 16. Nxb6+ axb6 17. f3 f5 18. Rhd1 Rxd1 19. Rxd1 f4 20. Be1 h4
21. a4 e5 22. b4 Rd8 23. Ra1 Kd7 24. a5 b5 25. Rc1 Ra8 26. Bf2 Kd6 27. Kd3 Kd7
28. c4 bxc4+ 29. Kxc4 Kd6 30. Rc2 Kd7 31. Rb2 Ra6 32. Be1 b5+ 33. Kb3 Ke6 34.
Bf2 Ra8 35. Rd2 Ke7 36. Kb2 Ra6 37. Rd1 Ke8 38. Rc1 Ke7 39. Ra1 Ke8 40. Bc5 Kd7
41. Ra3 Ke8 42. Rc3 Kd7 43. Rc2 Ke8 44. Bf2 Ke7 45. Rc5 Kd6 46. Kc2 Ke6 47. Kd2
Kd6 48. Ke2 Ke6 49. Rc1 Kd7 50. Rd1+ Ke8 51. Be1 Ke7 52. Bc3 Ke8 53. Rb1 Kd7
54. Rb2 Ra7 55. Be1 1/2-1/2

[Event "Biel GM"]
[Site "Biel"]
[Date "2007.07.24"]
[Round "2"]
[White "Radjabov, Teimour"]
[Black "Bu, Xiangzhi"]
[Result "1/2-1/2"]
[WhiteElo "2746"]
[BlackElo "2685"]
[PlyCount "29"]
[EventDate "2007.07.23"]
[EventType "tourn"]
[EventRounds "9"]
[EventCountry "SUI"]
[EventCategory "18"]
[SourceTitle "CBM 120"]
[Source "ChessBase"]
[SourceDate "2007.10.02"]
[SourceVersion "1"]
[SourceVersionDate "2007.10.02"]
[SourceQuality "1"]

1. e4 c5 2. Nf3 d6 3. d4 cxd4 4. Nxd4 Nf6 5. Nc3 a6 6. Bg5 e6 7. f4 Qb6 8. Qd2
Nc6 9. Nxc6 bxc6 10. Be2 Rb8 11. a3 d5 12. b4 c5 13. Bxf6 gxf6 14. Na4 Qc6 15.
Nxc5 1/2-1/2

[Event "Biel GM"]
[Site "Biel"]
[Date "2007.07.25"]
[Round "3"]
[White "Grischuk, Alexander"]
[Black "Radjabov, Teimour"]
[Result "1/2-1/2"]
[WhiteElo "2726"]
[BlackElo "2746"]
[Annotator "Krasenkow,M"]
[PlyCount "132"]
[EventDate "2007.07.23"]
[EventType "tourn"]
[EventRounds "9"]
[EventCountry "SUI"]
[EventCategory "18"]
[SourceTitle "CBM 120"]
[Source "ChessBase"]
[SourceDate "2007.10.02"]
[SourceVersion "1"]
[SourceVersionDate "2007.10.02"]
[SourceQuality "1"]

1. d4 Nf6 2. c4 g6 3. Nc3 Bg7 4. e4 d6 5. Be2 O-O 6. Bg5 Na6 7. Qd2 e5 8. d5
Qe8 9. Bd1 Bd7 10. Nge2 Nc5 11. Bc2 a5 12. f3 h5 {A typical move in this kind
of position, preparing ...Nf6-h7 and ...f7-f5.} (12... b5) (12... Nh5) 13. O-O
{In my opinion, plans with long castling are more dangerous against the ...Nc5,
a5 setup.} (13. h3 Nh7 14. Be3 h4 15. g4 Qe7 (15... hxg3 $142 16. Nxg3 f5 $13 {
J.Nunn}) 16. Rg1 f6 17. f4 Bh6 18. O-O-O a4 19. Qe1 g5 20. f5 $14 {0-1
Petursson,M-Nunn,J/London 1994/EXT 2000 (70)}) (13. Be3 $5 Nh7 14. O-O-O (14.
Bxc5 dxc5 15. d6 Qd8) 14... b6 (14... f5 $2 15. Bxc5 $1 dxc5 16. d6 $16 {
M.Petursson}) (14... Qe7 $5) 15. h3 h4 16. g3 Qe7 17. Rdg1 a4 18. f4 Kh8 19.
gxh4 Qxh4 20. f5 $1 gxf5 21. exf5 Rg8 22. Rg4 Qe7 23. Bg5 $1 $16 {1-0
Petursson,M-Djurhuus,R/Gausdal 1995/CBM 047 ext/[Petursson] (41)}) (13. O-O-O
$5 Kh7 14. h3 Ng8 15. g4 f6 16. Be3 Bh6 17. f4 h4 18. g5 Bg7 19. Qe1 $1 exf4
20. Bxc5 fxg5 21. Bf2 Nh6 22. Nd4 $16 {1-0 Krizsany,L-Mencinger,V/Finkenstein
1996/EXT 1997 (32)}) 13... Nh7 14. Be3 (14. Bh4 f5 15. exf5 gxf5 16. Bf2 Qg6
17. Rae1 Kh8 18. Bxc5 dxc5 19. Nc1 Rae8 20. Nd3 b6 21. a3 Rg8 22. Kh1 h4 $36 {
0-1 Wichert,G-Blanco Gramajo,C/ICCF Email 2002/ICCF Telechess CBM 102 (48)})
14... Qe7 ({In the following game Black played quite strangely but still
survived:} 14... b6 15. Rae1 Qe7 16. Kh1 Bf6 17. Qd1 Bg7 18. a3 Rfb8 19. Nb5
Bxb5 20. cxb5 Bf6 21. Nc3 Bg5 22. Bg1 Rf8 23. Qe2 h4 24. g3 Nd7 25. f4 Bh6 26.
Qc4 Rac8 27. Bd1 Nhf6 28. Be3 Kg7 29. Kg2 Rh8 {1/2-1/2 Farago,I-Bukic,E/
Ljubljana 1997/CBM 058 ext (43)}) (14... f5 {is premature:} 15. exf5 gxf5 16.
f4 $1 e4 17. Rab1 Qg6 18. b3 Kh8 19. a3 Rg8 20. Rf2 Bf6 21. Bd4 Rg7 22. b4 axb4
23. axb4 Na6 24. Nd1 Bxd4 25. Nxd4 Nf6 26. h3 h4 27. Ne3 Nh5 28. Bd1 Ng3 29.
Ra1 $16 {1-0 Leitao,R-Kalka,A/Dortmund 1998/EXT 1999 (54)}) 15. Nb5 (15. Rac1
h4 16. a3 Bf6 {a typical manoeuvre to exchange the dark-squared bishops.} 17.
b4 axb4 18. axb4 Na6 19. Rb1 Bg5 20. Nc1 Bxe3+ 21. Qxe3 c5 {And this is a
typical way to stop White's pawn avalanche.} 22. bxc5 Nxc5 23. Nd3 Rfc8 24.
Nxc5 Rxc5 25. Bd3 Bc8 26. Rb4 Rca5 27. Re1 Nf8 28. Bc2 Nd7 29. Na4 R8a6 30. h3
{1/2-1/2 Farago,I-Cramling,P/Osterskars 1995/EXT 1997}) 15... Bxb5 16. cxb5 {
Double pawns rarely help the attacking side.} Bf6 17. Qc3 Bg5 18. Bf2 Rfc8 (
18... h4 {is more straightforward but quite good:} 19. Qc4 Nf6 20. Nc3 Nh5 21.
Na4 Nxa4 22. Bxa4 b6 23. a3 Nf4 24. Rfc1 Ra7 25. Bd1 f5 26. Rc3 Bh6 27. Kh1 Rf7
28. Be2 Ra8 29. Bf1 Raf8 30. b3 Qg5 31. Rac1 Rg7 $132 {1/2-1/2 Krush,
I-Arakhamia,K/Montreal CAN 2007/The Week in Chess 664 (47)}) 19. Qc4 Nf6 20.
Nc3 h4 21. a3 Ncd7 22. b4 Nb6 23. Qb3 Nh5 24. Ne2 Nd7 25. Bd3 b6 26. Ra2 Ra7 {
Looks passive but White can't break through.} 27. Qc4 Nf4 28. Nxf4 exf4 29. Be2
Rca8 30. bxa5 Ne5 31. Qc1 Rxa5 {Now Black's position looks more active now but
White's is solid enough.} 32. h3 R5a7 33. Be1 Nd7 34. Bb4 Nc5 {Black starts
playing with fire "provoking" the e4-e5 break.} 35. Bc4 Bh6 36. Re1 g5 37. e5
dxe5 38. Rae2 Bg7 39. Qc2 Re8 40. Ba2 Qd6 41. Bb1 Qh6 42. Kh2 Raa8 43. a4 g4 $6
{A risky break.} (43... Nxa4 44. Qxc7 Rec8 45. Qd7 Nc5 46. Qf5 $13) 44. hxg4 (
44. a5 g3+ 45. Kh1 e4 $1 $132) (44. fxg4 $5) 44... h3 45. gxh3 Qh4 46. Rg1 e4
$5 47. Bxc5 bxc5 48. Rxe4 Bd4 {That's Black's idea - to activate his bishop.}
49. Rg2 Kg7 50. Rxd4 cxd4 51. g5 Re5 (51... Re3 $143 52. Qd1 Kf8 53. d6 cxd6
54. g6 fxg6 55. Qxd4 $18) 52. Rg4 (52. Qxc7 Rxg5 53. Qe5+ f6 $11) 52... Qh5 53.
g6 $6 (53. h4 $5 Rae8 54. Qd3 Kf8 55. Qxd4 $140 Rxg5 $1) 53... Rg5 $4 (53...
Rh8 54. Kg1 $1 (54. gxf7+ Rg5 55. f8=Q+ $2 Kxf8) 54... Re1+ 55. Kf2 Qe5 56.
gxf7+ Kxf7 $13) 54. Qxc7 Rf8 55. Qxf4 $2 (55. Rxf4 $18) 55... Rxg4 56. Qxg4
Qxd5 57. gxf7+ Kxf7 58. Qf5+ {Not the best way to exchange the queens, after
which the dramatic game ends in a draw.} (58. Be4 $1 Qd6+ (58... Qa2+ 59. Kh1
Qa1+ 60. Qg1 Qxg1+ 61. Kxg1 $18) 59. Qg3 Ke6 60. a5 $16) 58... Qxf5 59. Bxf5
Ke7 60. Be4 d3 $1 61. Bxd3 Rxf3 62. Be4 Rf4 63. Bc6 Rxa4 64. b6 Rb4 65. b7 Rxb7
66. Bxb7 Kf8 1/2-1/2

[Event "Biel GM"]
[Site "Biel"]
[Date "2007.07.29"]
[Round "6"]
[White "Radjabov, Teimour"]
[Black "Avrukh, Boris"]
[Result "1-0"]
[WhiteElo "2746"]
[BlackElo "2645"]
[Annotator "Ftacnik,L"]
[PlyCount "79"]
[EventDate "2007.07.23"]
[EventType "tourn"]
[EventRounds "9"]
[EventCountry "SUI"]
[EventCategory "18"]
[SourceTitle "CBM 120"]
[Source "ChessBase"]
[SourceDate "2007.10.02"]
[SourceVersion "1"]
[SourceVersionDate "2007.10.02"]
[SourceQuality "1"]

1. e4 c5 2. Nf3 e6 3. d4 cxd4 4. Nxd4 a6 5. Be2 Qc7 6. O-O Nf6 7. Nc3 Nc6 8.
Be3 Be7 9. f4 d6 10. Kh1 O-O 11. a4 Rb8 12. Qe1 Bd7 13. Qg3 Kh8 14. a5 $5 $146
{A new move in this very position, but the idea of playing a4-a5 even if the
pawn is not sufficiently supported is now well established in this main
Scheveningen line.} Nb4 (14... Nxa5 $5 15. e5 Ne8 $1 16. f5 (16. Nf5 $2 exf5
17. Nd5 Qxc2 $19) (16. Bd3 Nc4 17. Qh3 (17. Nf5 $2 exf5 18. Nd5 Nxe3 19. Nxc7
Nxf1 20. Bxf1 Nxc7 $19) 17... g6 18. f5 gxf5 19. Nxf5 exf5 20. Nd5 Qd8 21. Bxc4
$14) (16. Ne4 Nc6 17. Nf3 f6 $13) 16... dxe5 17. fxe6 fxe6 (17... exd4 $2 18.
Bf4 Bd6 19. Nd5 Bxf4 20. Rxf4 Qc5 21. Rxf7 Rxf7 (21... Bxe6 22. Rxa5) 22. Qxb8
Qxd5 23. exf7 $18) 18. Rxf8+ Bxf8 19. Nf3 Nc6 20. Ng5 Be7 21. Nf7+ Kg8 22. Rf1
Nf6 23. Nh6+ Kh8 (23... Kf8 24. Ng4 $16) 24. Nf7+ $11) 15. Bg1 e5 {Black
reacted cautiously, but not so fortunatelly. Avrukh could have taken the a5
pawn or waited for White to advance his soldier to e5.} (15... Rbc8 16. e5 Nfd5
17. Nxd5 Nxd5 18. c4 Nxf4 $1 19. Rxf4 dxe5 20. Rg4 exd4 21. Bxd4 Qxg3 22. Bxg7+
Kg8 23. Rxg3 Bh4 24. Raa3 Bxg3 25. Rxg3 f6 26. Bxf6+ (26. Bh5 Be8 27. Bh6+ $11)
26... Kf7 27. Bc3 e5 28. Kg1 $14) 16. fxe5 dxe5 17. Nf3 $1 (17. Nf5 Bxf5 18.
Rxf5 Bd6 $11) 17... Rbe8 (17... Nxc2 18. Rac1 $16) 18. Bb6 Qb8 19. Bd3 (19.
Rad1 Nxc2 20. Nxe5 (20. Qxe5 Qxe5 21. Nxe5 Be6 22. Rd2 $14) 20... Be6 21. Qf4
Nb4 22. Bc4 $14) 19... Bd6 $6 (19... Nxd3 $1 20. cxd3 Bd6 21. Nd2 Nh5 22. Qe3
Rc8 23. Nc4 Be6 $11) 20. Bc4 $1 {Radjabov is a clever player and the active
bishop on the a2-g8 diagonal will trouble the opponent for a while.} h6 (20...
Nxc2 21. Ng5 $1 Nxa1 (21... h6 22. Nxf7+ Rxf7 23. Bxf7 Re7 24. Qg6 $16) 22. Qh4
h5 23. Rxf6 Bg4 24. Nxf7+ Rxf7 (24... Kh7 25. Qg5 $18) 25. Rxf7 $18) 21. Nh4
Nh5 (21... Nxc2 22. Rxf6 gxf6 23. Rf1) 22. Qf2 Nf4 23. g3 Be6 (23... Nh3 24.
Qd2 Be6 25. Bxe6 Rxe6 26. Nf5 $16) (23... Ne6 24. Rad1 Rc8 25. Nf5 Bc5 26. Bxc5
Nxc5 27. Ne7 Rc7 28. Ng6+ $18) 24. gxf4 (24. Bxe6 Nxe6 25. Nf5 Rc8 26. Ra4 $14)
24... Bxc4 25. Rg1 Be7 $2 {Introducing yet another case of serious chess
blindness on a very high level.} (25... Rg8 $1 26. Nf5 Bf8 27. fxe5 Nc6 $13)
26. Nf5 Bf6 (26... Nc6 27. Nxg7 Rc8 28. Nf5 $18) 27. Bc5 $2 {White will win
the exchange and consequently the game, but much stronger must be deemed the
nasty rook move to a4.} (27. Ra4 $1 Nc6 28. Rxc4 exf4 29. Nd5 $18) 27... Nc6
28. Ne3 Be6 29. f5 Bd7 30. Ncd5 Bg5 (30... Rg8 $2 31. Nxf6 gxf6 32. Qh4 Kh7 33.
Nd5 $18) 31. Bxf8 Rxf8 32. f6 (32. h4 $5 Bd8 (32... Bf4 33. Rad1 $18) 33. f6 g6
34. Qd2 Kh7 35. Nf5 $18) 32... g6 33. Rad1 Be6 34. Nc4 $6 (34. h4 $1 Bf4 35.
Ng2 $18) 34... Rd8 35. c3 $6 {The limitation of the time for thinking is
leaving a stamp on the quality of this game. White merrily ignores the tactics
that would speed up the decision.} (35. h4 Bf4 36. Nxf4 exf4 37. Nd6 $1 Rxd6
38. Qxf4 $18) 35... Kh7 36. Nce3 Bf4 (36... Nxa5 37. h4 (37. Rxg5 $5 hxg5 38.
Qg3 Qd6 39. Qxg5 Qf8 40. Qxe5 $16) 37... Bxe3 38. Nxe3 Rxd1 39. Rxd1 Qc8 40.
Kh2 $16) 37. Ng2 $1 g5 (37... Nxa5 38. Ndxf4 exf4 39. Qxf4 $16) 38. Qf3 Qc8 $2
{Finally Black is making the last serious mistake in his own time trouble..} (
38... g4 39. Qe2 h5 40. b4 $18) 39. Ngxf4 exf4 40. Rxg5 $1 (40. Rxg5 $1 hxg5
41. Qh5+ Kg8 42. Qh6 $18) 1-0